000 00481cam7a220016900 4500
001 tmp15872652
003 UPRA
005 20190815085849.0
008 951108s1987 sw eng u
035 _a(Sirsi) r74819
035 _a(UPRA)tmp15872652
040 _cUPRA
245 0 2 _aA future framework for IRDR operations in Zambia.
260 _aUppsala :
_bSwedish University of Agriculture Sciences,
_c1987.
949 _a(O2)1987/26
_wlcc
_mMAIN
_tBOOK
_lON-SHELF
004 74819
999 _c57137
_d57137